{"text_format":"3","workbook":"xlsx","n_sheets":1,"sheets":["sheet1"],"read":"whole","date_system":"1900"}

{"sheet":"sheet1","index":0,"n_rows":34,"n_cols":11,"rows_kept":34}
["번호","사용일자","사용내역","사용장소명","물품명","단가(원)","수량","단위명","금액(원)","비고","수입일자"]
[1,"2024-01-25","빵세트","급식","크로플",9000,20,"개",180000,"아동 간식으로 지원","2024-01-25"]
[2,"2024-01-26","썰매장입장","아동센터운영지원","썰매장입장권",25500,20,"장",510000,"아동프로그램 후원","2024-01-26"]
[3,"2024-01-30","고기","아동가정지원","LA갈비",150000,1,"Kg",150000,"저녁급식으로 사용","2024-05-24"]
[4,"2024-01-30","김","아동가정지원","방풍김",38000,6,"Box",228000,"시니어어르신 및 종사자 명절선물","2024-02-05"]
[5,"2024-01-30","물티슈","아동가정지원","뽀솜이물티슈",5000,4,"개",20000,"센터 사무실, 주방, 학습실 배치","2024-02-05"]
[6,"2024-01-30","물티슈","아동가정지원","뽀솜이물티슈",5000,4,"개",20000,"센터 학습실, 사무실 배치","2024-02-05"]
[7,"2024-01-30","물티슈","아동가정지원","뽀솜이물티슈",5000,4,"개",20000,"센터사무실 및 주방,  아동학습실 배치","2024-02-05"]
[8,"2024-01-30","불고기","급식","불고기",120000,1,"봉지",120000,"저녁급식으로 지원","2024-01-30"]
[9,"2024-01-30","수박","아동가정지원","수박",22000,1,"통",22000,"센터간식으로사용","2024-07-25"]
[10,"2024-01-30","신발","아동가정지원","운동화",22000,1,"봉지",22000,"센터이용아동지원","2024-04-05"]
[11,"2024-01-30","쌀","아동가정지원","녹차의향기",72800,1,"포대",72800,"급식으로사용","2024-02-05"]
[12,"2024-01-30","쌀","아동가정지원","녹차의향기",72800,1,"포대",72800,"급식사용","2024-02-05"]
[13,"2024-01-30","아동의류","아동가정지원","모자",15000,3,"봉지",45000,"센터이용아동지원","2024-04-05"]
[14,"2024-01-30","오징어짬뽕컵라면","아동가정지원","오징어짬뽕컵라면",5520,10,"Box",55200,"센터 아동가정으로 지원","2024-01-30"]
[15,"2024-01-30","컵라면","아동가정지원","불닭볶음면",1240,4,"개",4960,"중학생 간식으로 지원","2024-08-26"]
[16,"2024-01-30","화장지","아동가정지원","잘풀리는집",39900,1,"봉지",39900,"화장실비치","2024-04-23"]
[17,"2024-01-30","화장지","아동가정지원","잘풀리는집",39900,1,"봉지",39900,"화장실 및 센터배치","2024-04-23"]
[18,"2024-01-30","화장지","아동가정지원","잘풀리는집",39900,2,"봉지",79800,null,"2024-04-23"]
[19,"2024-02-07","등유구입권","아동센터운영지원","주유권",10000,60,"장",600000,"등유구입","2024-02-07"]
[20,"2024-02-23","루지체험권","아동가정지원","루지체험권",17000,38,"장",646000,"루지체험권 아동가정에 지원","2024-02-23"]
[21,"2024-04-05","아동의류","아동가정지원","의류",300000,2,"Box",600000,"센터이용아동 지원","2024-04-05"]
[22,"2024-04-05","학용품","아동가정지원","가방",100000,1,"Box",100000,"센터이용아동 지원","2024-04-05"]
[23,"2024-04-12","추석물품후원","급식","신라면",35000,1,"Box",35000,"간식지원","2023-09-26"]
[24,"2024-05-07","건빵","급식","건빵",50000,1,"Box",50000,"센터 간식으로 활용","2024-05-07"]
[25,"2024-05-07","건빵","급식","건빵",50000,1,"Box",50000,null,"2024-05-07"]
[26,"2024-05-07","건빵","급식","건빵",50000,1,"Box",50000,"센터 간식으로 활용","2024-05-07"]
[27,"2024-06-13","건빵","급식","건빵",50000,1,"Box",50000,"센터 간식으로 활용","2024-05-07"]
[28,"2024-06-13","건빵","급식","건빵",50000,1,"Box",50000,"센터간식으로 활용","2024-05-07"]
[29,"2024-06-25","생일잔치상차림","사무행정용도","치킨",20000,6,"Box",120000,"센터 생일잔치 상차림","2024-06-28"]
[30,"2024-06-25","생일잔치상차림","사무행정용도","피자",25000,6,"Box",150000,"센터 생일잔치 상차림","2024-06-28"]
[31,"2024-06-25","팔토시","사무행정용도","팔토시",19800,4,"묶음",79200,"종사자 지원","2024-06-25"]
[32,"2024-09-02","쌀","아동가정지원","새청무미",75600,2,"포",151200,"전*영, 최*정 가정지원","2024-09-02"]
[null,null,"합계",{"$nulls":3},210,null,4433760]